Quellen zu den deutsch-amerikanischen Beziehungen 1776-1917 /

Saved in:
Bibliographic Details
Other Authors: Pommerin, Reiner, 1943-, Fröhlich, Michael.
Format: Book
Language:German
Published: Darmstadt : Wissenschaftliche Buchgesellschaft, 1996.
Series:Quellen zu den Beziehungen Deutschlands zu seinen Nachbarn im 19. und 20. Jahrhundert ; Bd. 1.
Subjects:
Tags: Add Tag
No Tags, Be the first to tag this record!
LEADER 01348nam a2200301Ia 4500
001 006796830-9
005 20020606163548.3
008 960724s1996 gw b 001 0 ger d
020 |a 3534124723 
035 0 |a ocm35130256 
040 |a OSU  |c OSU  |d HLS 
043 |a n-us---  |a e-gx--- 
050 0 0 |a E183.8.G3  |b Q45 1996 
090 |a E183.8.G3  |b Q84 1996 
245 0 0 |a Quellen zu den deutsch-amerikanischen Beziehungen 1776-1917 /  |c herausgegeben von Reiner Pommerin und Michael Fröhlich. 
260 |a Darmstadt :  |b Wissenschaftliche Buchgesellschaft,  |c 1996. 
300 |a xliv, 247 p. ;  |c 23 cm. 
490 1 |a Quellen zu den Beziehungen Deutschlands zu seinen Nachbarn im 19. und 20. Jahrhundert ;  |v Bd. 1 
504 |a Includes bibliographical references (p. [xvii]-xlii) und index. 
505 0 |a Bd. 1. 1776-1917 -- Bd. 2. 1917-1963 -- Bd. 3. 1964-1990. 
651 0 |a United States  |x Foreign relations  |z Germany. 
651 0 |a Germany  |x Foreign relations  |z United States. 
700 1 |a Pommerin, Reiner,  |d 1943- 
700 1 |a Fröhlich, Michael. 
776 0 8 |i Online version:  |t Quellen zu den deutsch-amerikanischen Beziehungen.  |d Darmstadt : Wissenschaftliche Buchgesellschaft, 1996-1998  |w (OCoLC)606128678 
830 0 |a Quellen zu den Beziehungen Deutschlands zu seinen Nachbarn im 19. und 20. Jahrhundert ;  |v Bd. 1. 
988 |a 20020608 
906 |0 OCLC